| 000 | 00516nam a2200181 a 4500 | ||
|---|---|---|---|
| 001 | 3106 | ||
| 005 | 20140414131914.0 | ||
| 008 | 060201s19uu xx 00 eng d | ||
| 020 | _a0-439-56226-0 | ||
| 050 |
_aER _bF92 2002 |
||
| 100 | _aLondon, Jonathan | ||
| 245 |
_aFroggy goes to the doctor / _cby Jonathan London ; illustrated by Frank Remkiewicz. |
||
| 260 |
_aNew York : _bScholastic, _c2002. |
||
| 300 | _ap. : ill. ; cm. | ||
| 650 |
_aDoctors _xFiction |
||
| 650 | _aChildren stories. | ||
| 999 |
_c111365 _d111365 |
||